[Event "EU-ch U14 25th"]
[Site "Porec"]
[Date "2015.09.28"]
[Round "7"]
[White "Bronstein, Or"]
[Black "Vakhitov, Dmitri"]
[Result "1-0"]
[WhiteElo "2098"]
[BlackElo "1957"]
[PlyCount "54"]
[EventDate "2015.09.21"]
[EventType "swiss"]
[EventRounds "9"]
[EventCountry "CRO"]
[SourceTitle "EXT 2016"]
[Source "ChessBase"]
[SourceDate "2015.10.08"]
[SourceVersion "1"]
[SourceVersionDate "2015.10.08"]
[SourceQuality "1"]

1. e4 c5 2. Nf3 d6 3. Bb5+ Bd7 4. Bxd7+ Qxd7 5. 0-0 Nc6 6. c3 Nf6 7. Qc2 e6 8. d4 Be7 9. Rd1 Qc7 10. h3 0-0 11. Bf4 Nd7 12. Bg3 Rae8 13. Na3 a6 14. Nc4 cxd4 15. cxd4 b5 16. Ne3 Nb6 17. Re1 Qd7 18. d5 Na5 19. dxe6 Qxe6 20. Nf5 d5 21. N3d4 Qg6 22. e5 Bd8 23. b3 Nd7 24. Nd6 Re7 25. N4f5 Re6 26. Ne3 Bb6 27. Kh2 f6 1-0

[Event "EU-ch U14 25th"]
[Site "Porec"]
[Date "2015.09.25"]
[Round "5"]
[White "Morgunov, Daniel"]
[Black "Vakhitov, Dmitri"]
[Result "1-0"]
[WhiteElo "2109"]
[BlackElo "1957"]
[PlyCount "81"]
[EventDate "2015.09.21"]
[EventType "swiss"]
[EventRounds "9"]
[EventCountry "CRO"]
[SourceTitle "EXT 2016"]
[Source "ChessBase"]
[SourceDate "2015.10.08"]
[SourceVersion "1"]
[SourceVersionDate "2015.10.08"]
[SourceQuality "1"]

1. e4 c5 2. Nc3 Nc6 3. f4 d6 4. Nf3 g6 5. Bc4 Bg7 6. 0-0 e6 7. d3 Nge7 8. Qe1 0-0 9. f5 d5 10. Bb3 Nd4 11. Qh4 exf5 12. Bh6 Nxf3+ 13. Rxf3 dxe4 14. Rh3 Bxh6 15. Qxh6 Qd4+ 16. Kh1 Qg7 17. Qg5 f4 18. Qxe7 Bxh3 19. gxh3 Rae8 20. Qg5 exd3 21. cxd3 Re3 22. Qxf4 Qd4 23. Ne4 Rxd3 24. Rf1 Kg7 25. h4 c4 26. Bc2 Re3 27. Rd1 Qb6 28. h5 Re2 29. h6+ Kh8 30. Qe5+ f6 31. Qe7 Rg8 32. Qxf6+ Qxf6 33. Nxf6 Re7 34. Nxg8 Kxg8 35. Rd2 Kf7 36. Kg2 Kf6 37. h4 g5 38. Rf2+ Ke6 39. Re2+ Kd6 40. Rxe7 Kxe7 41. hxg5 1-0